Les Simpson - Questions aléatoires (difficile) - Statistiques

Statistiques générales
  • Ce quiz a été pris 73 fois
  • Le résultat moyen est 4 sur 10
Statistiques - réponses
Question Réponse % Correct
Lequel de ces métiers Homer n'a-t-il jamais exercé ? nettoyeur de scène de crime
77%
Comment s'appellent les sorcières que fréquente Lisa en saison 21 ? Les Wiccans
69%
Quel est le nom de l'entreprise d'Homer sur Internet ? Ordi Global Hyper Mega Net
69%
Lequel de ces métiers Marge n'a-t-elle jamais exercé ? coiffeuse
38%
Laquelle de ces structures n'existe pas à Springfield ? un château d'eau
38%
À quel âge Lisa a-t elle commencé le saxophone ? 3 ans
15%
Dans quel pays les Simpson ne sont-ils jamais allés ? en Argentine
15%
Qui fait partie de la classe de Bart ? Richard
15%
De qui Lisa n'est-elle jamais tombée amoureuse dans toute la série (passé, présent ou futur) ? Joey
8%
Laquelle de ces propositions ne désigne pas l'un des enfants d'Apu et de Manjula ? Panchali
8%
Aucun quiz correspondant
Distribution des résultats
% des personnes avec chaque résultat
Percentile par nombre de réponses
Votre historique - résultats
Vous n’avez pas pris ce quiz